| 000 | 00724nam a22002417a 4500 | ||
|---|---|---|---|
| 005 | 20170124110029.0 | ||
| 010 | _a870399 | ||
| 020 | _c00.00 | ||
| 035 | _a870399 | ||
| 037 | _bCen Lib/Ret | ||
| 040 |
_aDPL _bEN |
||
| 082 |
_a551 _bGOR |
||
| 100 |
_aGorshkov, G. _921373 |
||
| 245 |
_aPhysical Geology / _cby G.Gorshkov [and] A.Yakushova ; translated from the Russian by V.V. Shiffer |
||
| 260 |
_aMoscow _bMir Publishers _c1977 |
||
| 300 |
_a690p. : _c20cm(Hb) _bill. |
||
| 500 | _aIncludes bibliographical references and index. | ||
| 650 |
_aGeology _917268 |
||
| 650 |
_aGeophysics _921374 |
||
| 700 |
_aYakushova, A. _921375 |
||
| 700 |
_aShiffer, V.V. _921376 |
||
| 942 |
_2ddc _cEN _h551 _mGOR |
||
| 999 |
_c127734 _d127734 |
||